|
|
|
|
| LEADER |
02348nam a22003737a 4500 |
| 001 |
36089 |
| 003 |
BD-DhAAL |
| 005 |
20211111113928.0 |
| 008 |
190925t2018 xxk o 00010 eeng d |
| 999 |
|
|
|c 40872
|d 40872
|
| 020 |
|
|
|a 9781789953299
|
| 040 |
|
|
|a BD-DhAAL
|
| 082 |
|
|
|a 005.133
|2 23
|
| 100 |
|
|
|a Romano, Fabrizio
|9 35330
|
| 245 |
|
|
|a Learn web development with Python :
|b get hands-on with Python programming and Django web development /
|c Fabrizio Romano, Gastón C. Hillar, Arun Ravindran.
|
| 260 |
|
|
|a Birmingham :
|b Packt,
|c c2018.
|
| 300 |
|
|
|a xiv, 772 pages ;
|c 24 cm.
|
| 500 |
|
|
|a Includes index.
|
| 526 |
|
|
|a CSE
|
| 541 |
|
|
|a Hye Trade International
|e 36089, 36090, 36091, 36092, 36093, 36094
|
| 650 |
|
|
|a Python (Computer program language).
|9 35331
|
| 650 |
|
|
|a Web site development.
|9 35332
|
| 650 |
|
|
|a Development of Web sites.
|9 35333
|
| 650 |
|
|
|a Computer science
|9 42549
|
| 700 |
|
|
|a Hillar, Gastón C.
|9 35334
|
| 700 |
|
|
|a Ravindran, Arun
|9 35335
|
| 852 |
|
|
|a Ayesha Abed Library
|c General Stacks
|
| 942 |
|
|
|2 ddc
|c BK
|
| 952 |
|
|
|0 0
|1 0
|2 ddc
|4 0
|6 005_133000000000000_ROM
|7 0
|9 66368
|a BRACUL
|b BRACUL
|c GEN
|d 2019-09-18
|e Hye Trade International
|g 5299.00
|l 12
|m 119
|o 005.133 ROM
|p 3010036094
|r 2025-02-11
|s 2024-11-17
|t 6
|v 5299.00
|w 2019-09-18
|y BK
|
| 952 |
|
|
|0 0
|1 0
|2 ddc
|4 0
|6 005_133000000000000_ROM
|7 0
|9 66369
|a BRACUL
|b BRACUL
|c GEN
|d 2019-09-18
|e Hye Trade International
|g 5299.00
|l 8
|m 76
|o 005.133 ROM
|p 3010036090
|r 2025-06-22
|s 2025-04-23
|t 2
|v 5299.00
|w 2019-09-18
|y BK
|
| 952 |
|
|
|0 0
|1 0
|2 ddc
|4 0
|6 005_133000000000000_ROM
|7 0
|9 66370
|a BRACUL
|b BRACUL
|c GEN
|d 2019-09-18
|e Hye Trade International
|g 5299.00
|l 15
|m 65
|o 005.133 ROM
|p 3010036093
|r 2025-05-06
|s 2025-04-24
|t 5
|v 5299.00
|w 2019-09-18
|y BK
|
| 952 |
|
|
|0 0
|1 0
|2 ddc
|4 0
|6 005_133000000000000_ROM
|7 0
|9 66371
|a BRACUL
|b BRACUL
|c GEN
|d 2019-09-18
|e Hye Trade International
|g 5299.00
|l 12
|m 97
|o 005.133 ROM
|p 3010036089
|r 2026-02-05
|s 2025-12-18
|t 1
|v 5299.00
|w 2019-09-18
|y BK
|
| 952 |
|
|
|0 0
|1 0
|2 ddc
|4 0
|6 005_133000000000000_ROM
|7 0
|9 66372
|a BRACUL
|b BRACUL
|c GEN
|d 2019-09-18
|e Hye Trade International
|g 5299.00
|l 7
|m 65
|o 005.133 ROM
|p 3010036092
|r 2023-12-31
|s 2023-10-05
|t 4
|v 5299.00
|w 2019-09-18
|y BK
|
| 952 |
|
|
|0 0
|1 0
|2 ddc
|4 0
|6 005_133000000000000_ROM
|7 0
|9 66373
|a BRACUL
|b BRACUL
|c GEN
|d 2019-09-18
|e Hye Trade International
|g 5299.00
|l 14
|m 81
|o 005.133 ROM
|p 3010036091
|q 2025-12-17
|r 2025-02-27
|s 2025-02-27
|t 3
|v 5299.00
|w 2019-09-18
|y BK
|